000 01606cam a22004694i 4500
003 PE-LiUPU
005 20250731184605.0
008 150616s r 000 0 d
020 _a1850754772
035 _a(Sirsi) i9781850754770
040 _aPE-LiUPU
_bspa
_cPE-LiUPU
_erda
049 _aPRUA
082 0 4 _a956.94
_bF83
_221
100 1 _aFritz, Volkmar,
_eautor.
245 1 4 _aThe City in Ancient Israel.
264 1 _aInglaterra :
_bSheffield Academic Press,
_c1995.
300 _a197 páginas :
_bIlustraciones ;
_c23 centímetros
336 _atext
_2rdacontent
337 _aunmediated
_2rdamedia
338 _avolume
_2rdacarrier
505 0 _aCity and state in ancient Israel -- The beginnings of urbanization -- The Canaanite city -- The early iron age settlements -- The cities in the period of the monarchy Israel.
526 _aP136
526 _aP135
526 _aP134
526 _aP133
526 _aP144
526 _aP143
526 _aP87
526 _aP35
526 _aP20
526 _aP14
526 _aP10
526 _aP06
650 0 4 _aISRAEL ANTIGUO - CIUDAD.
910 _ajck
_bjvq
_cjck
942 _2ddc
_cBOOK
949 _a956.94 F83
_wDEWEY
_c1
_i40169
_lCCODEBUL1
_mBUL
_r0
_sY
_tBOOK
_u2015-6-16
_xTEOLOGIA
_zUNKNOWN
_0COMPRA
_o.STAFF. Colección General
994 _aC0
_bPEPRU
596 _a1
999 _a956.94 F83
_wDEWEY
_c57962
_i40169
_f2021-11-12
_g5
_lCCODEBUL1
_mBUL
_r0
_sY
_tBOOK
_u2015-6-16
_xTEOLOGIA
_zUNKNOWN
_0COMPRA
_o.STAFF. Colección General
_d57962
980 _81
_gALBERTO SANCHEZ Responsable de Automatización